000 00497nam a2200181Ia 4500
005 20250508154956.0
008 008 250505s9999 xx 000 0 eng d
037 _aTextual
040 _aFEDL
_beng
_cFEDL
041 _aeng
_2eng
084 _a510, KRA
_qFEDL
100 _aKraitchik Maurice
_9766495
245 0 _aMathematical recreations
260 _aLondon, UK
_bGeorge Allen and Unwin Ltd.
_c1966
300 _a229p
942 _cTEXL
_h510, KRA
999 _c1353226
_d1353226